MARC

LEADER 00000nam0a2200000 4500
001 303006
005 20231102001548.0
020 |a RU  |b 83-23915 
035 |a (RuTPU)RU\TPU\book\328224 
090 |a 303006 
100 |a 20150828d1983 km y0rusy5003 ca 
101 0 |a rus 
102 |a RU 
105 |a a z 001zy 
200 1 |a Пневматические элементы и устройства релейной автоматики  |f В. И. Левин 
210 |a Москва  |c Машиностроение  |d 1983 
215 |a 169 с.  |c ил. 
225 1 |a Библиотека приборостроителя 
320 |a Библиогр.: с. 165-167 
606 1 |a Пневмоавтоматика  |2 stltpush  |3 (RuTPU)RU\TPU\subj\49457  |9 68255 
606 1 |a Пневматические реле  |2 stltpush  |3 (RuTPU)RU\TPU\subj\49445  |9 68243 
610 1 |a логические элементы 
610 1 |a сравнительный анализ 
610 1 |a подвижные детали 
610 1 |a построение 
610 1 |a схемы 
610 1 |a входные элементы 
610 1 |a выходные элементы 
675 |a 681.584  |z rus  |v 3 
675 |a 681.521  |z rus  |v 3 
700 1 |a Левин  |b В. И.  |g Владимир Ильич  |4 070 
801 0 |a RU  |b RuMRKP  |c 19950704  |g psbo 
801 1 |a RU  |b 63413507  |c 20150828 
801 2 |a RU  |b 63413507  |c 20190704  |g RCR 
942 |c BK